La cuestión del Adriático (Record no. 171440)

MARC details
000 -LEADER
campo de control de longitud fija 00357nam a22001335i 4500
001 - NÚMERO DE CONTROL
campo de control 171440
003 - IDENTIFICADOR DE NÚMERO DE CONTROL
campo de control ES-MaACL
005 - FECHA Y HORA DE LA ÚLTIMA TRANSACCIÓN
campo de control 20230906214632.0
008 - DATOS DE LONGITUD FIJA--INFORMACIÓN GENERAL
campo de control de longitud fija 090514s1919 sp |||| | spa d
100 1# - ENTRADA PRINCIPAL--NOMBRE DE PERSONA
Nombre de persona Sokol.
9 (RLIN) 140152
245 13 - MENCIÓN DEL TÍTULO
Título La cuestión del Adriático
Resto del título : Yugoslavia e Italia.
260 ## - PUBLICACIÓN, DISTRIBUCIÓN, ETC.
Lugar de publicación, distribución, etc. Madrid :
Nombre del editor, distribuidor, etc. [s.n.,
Fecha de publicación, distribución, etc. 1919]
852 ## - LOCALIZACIÓN
Ubicación ES-MaACL
Número de control de estantería 1488-F-15
Holdings
Estatus retirado Estado de pérdida Estado de daño No para préstamo Colección Biblioteca de origen Biblioteca actual Ubicación en estantería Fecha de adquisición Fuente de adquisición Total de préstamos Signatura topográfica completa Código de barras Visto por última vez Precio de reemplazo Tipo de ítem Koha
        Colección de folletos Biblioteca del Ateneo de Madrid Biblioteca del Ateneo de Madrid Depósito folletos 14/05/2009     1488-F-15 1179917 23/02/2023 23/02/2023 Folleto